| 000 | | | 06463ckc2a2200253#x 450 |
| 001 | | | 6ae336d1-ab81-46d8-80f6-077ff792f49d |
| 005 | | | 20210317111536.0 |
| 100 | ## | $a | 20120829l19061906k y0rusy0102 ca |
| 101 | 0# | $a | rus |
| 102 | ## | $a | RU |
| 200 | 1# | $a | Фотопортрет Кокошкина Ф. Ф. и открытка с изображением членов президиума Первой Государственной Думы |
| | $j | [1906] |
| 251 | ## | $c | Дело |
| 215 | ## | $a | 2 листа |
| 225 | 0# | $a | Фонд КОКОШКИН ФЕДОР ФЕДОРОВИЧ, ЮРИСТ, ПРИВАТ-ДОЦЕНТ МОСКОВСКОГО УНИВЕРСИТЕТА, ДЕПУТАТ I ГОСУДАРСТВЕННОЙ ДУМЫ, ГОСУДАРСТВЕННЫЙ КОНТРОЛЕР ВРЕМЕННОГО ПРАВИТЕЛЬСТВА, ЧЛЕН КОНСТИТУЦИОННО-ДЕМОКРАТИЧЕСКОЙ ПАРТИИ. |
| | $h | Опись № 1 |
| 300 | ## | $a | Заглавие на папке: Фотопортрет Кокошкина Федора Федоровича и открытка с изображением его среди членов президиума Первой Государственной Думы |
| 300 | ## | $a | На открытке переименованы члены Президиума (вписаны от руки, черными чернилами) |
| 300 | ## | $a | Лист 2 поврежден |
| 517 | 1# | $a | Фотопортрет Кокошкина Федора Федоровича и открытка с изображением его среди членов президиума Первой Государственной Думы |
| 702 | #1 | $a | Кокошкин |
| | $b | Ф. Ф. |
| | $g | Федор Федорович |
| | $4 | 570 |
| 801 | #0 | $a | RU |
| | $b | НПО Опыт |
| | $c | 20120829 |
| 801 | #1 | $a | RU |
| | $b | НПО Опыт |
| | $c | 20120829 |
| | $2 | rusmarc |
| 801 | #2 | $a | RU |
| | $b | ПБ им. Б.Н. Ельцина |
| | $c | 20150319 |
| | $g | RCR |
| | $2 | rusmarc |
| 850 | ## | $a | Государственный архив Российской Федерации |
| 852 | ## | $a | ГА РФ |
| | $j | 13 |
| 937 | ## | $d | 24047147 |
| | $h | ПБ |
| 035 | ## | $a | RuPRLIB119001013 |
| 122 | 0# | $a | d1906###### |
| 461 | #0 | $1 | 001fa4613e8-a6fa-4c78-8370-760664788a5d |
| | $1 | 2001 |
| | $a | КОКОШКИН ФЕДОР ФЕДОРОВИЧ, ЮРИСТ, ПРИВАТ-ДОЦЕНТ МОСКОВСКОГО УНИВЕРСИТЕТА, ДЕПУТАТ I ГОСУДАРСТВЕННОЙ ДУМЫ, ГОСУДАРСТВЕННЫЙ КОНТРОЛЕР ВРЕМЕННОГО ПРАВИТЕЛЬСТВА, ЧЛЕН КОНСТИТУЦИОННО-ДЕМОКРАТИЧЕСКОЙ ПАРТИИ |
| | $1 | 251 |
| | $c | Фонд |
| | $1 | 852 |
| | $j | 1190 |
| 462 | #0 | $1 | 00113535b94-0cb5-4897-8283-5ea7d3ff7431 |
| | $1 | 2001 |
| | $a | Кокошкин Федор Федорович, юрист, приват-доцент московского университета, депутат I Государственной Думы, государственный контролер Временного Правительства, член конституционно-демократической партии |
| | $v | Д. 13 |
| | $1 | 251 |
| | $c | Опись |
| | $1 | 852 |
| | $j | 1 |
| 600 | #1 | $2 | nlr_sh |
| | $3 | RU\NLR\AUTH\6601656576 |
| | $a | Кокошкин |
| | $b | Ф.Ф. |
| | $g | Федор Федорович |
| | $f | 1871 - 1918 |
| | $j | Фотографии |
| 601 | 01 | $2 | prlib_sh |
| | $3 | LIBNET\UAF\0000093803 |
| | $a | Россия |
| | $b | Государственная дума |
| | $b | Созыв |
| | $c | 1 |
| | $x | Депутаты |
| | $j | Фотографии |
| 608 | ## | $2 | prlib_sh |
| | $3 | DITM\AF\0000001704 |
| | $a | Портретные фотографии |
| 608 | ## | $a | Групповые фотографии |
| | $2 | prlib_sh |
| | $3 | DITM\AF\0000001706 |
| 605 | ## | $2 | acquisition_Prlib |
| | $3 | LIBNET\UAF\0000093473 |
| | $a | Государственная дума в истории российской государственности |
| | $l | коллекция |
| 605 | ## | $a | Власть |
| | $l | коллекция |
| | $2 | acquisition_Prlib |
| | $3 | DITM\AF\0000002775 |
| 605 | ## | $2 | acquisition_Prlib |
| | $3 | DITM\AF\0000004166 |
| | $a | Россия в лицах |
| | $l | коллекция |
| 686 | ## | $2 | rubbk |
| | $a | 63.3(2)53-33ю3 |
| | $v | LBC/M |